España Eurocopa 2024 - Estadísticas

Estadísticas generales
  • Esta prueba ha sido intentada 201 veces
    109 desde el último reinicio
  • La puntuación promedio es 23 de 26
Estadísticas de respuestas
Imagen Respuesta % Correcto
Lamine Yamal
99%
Marc Cucurella
99%
Nico Williams
99%
Unai Simón
99%
Álvaro Morata
98%
Dani Carvajal
98%
Pedri González
97%
Rodrigo Hernández
96%
Dani Olmo
93%
Fermín López
93%
Mikel Oyarzabal
93%
David Raya
92%
Fabián Ruiz
91%
Robin Le Normand
91%
Aymeric Laporte
90%
Ferran Torres
90%
Jesús Navas
90%
Nacho Fernández
89%
Joselu Mato
88%
Mikel Merino
88%
Álex Remiro
77%
Martín Zubimendi
76%
Ayoze Pérez
75%
Dani Vivian
75%
Álex Baena
74%
Álex Grimaldo
74%
No se encontraron pruebas coincidentes
Distribución de puntuación
Porcentaje de gente con cada puntuación
Porcentaje por número respondido
Historial de tus puntuaciones
No has intentado esta prueba desde el último reinicio